Le paradigme dans la dialectique platonicienne
Сохранить в:
| Главный автор: | |
|---|---|
| Формат: | |
| Язык: | французский |
| Опубликовано: |
París
Presses Universitaires de France
1947
|
| Серии: | Bibliothèque de philosophie contemporaine
|
| Предметы: | |
| Метки: |
Добавить метку
Нет меток, Требуется 1-ая метка записи!
|
MARC
| LEADER | 00000nam a2200000 a 4500 | ||
|---|---|---|---|
| 001 | UCY5891 | ||
| 003 | CL-VaPUC | ||
| 008 | 950512e19470000FR |||||||||||||||||fre|d | ||
| 082 | 0 | 4 | |a 141.2 |b GOL |2 21 |
| 100 | |a Goldschmidt, Victor |e author |9 348615 | ||
| 245 | 1 | 3 | |a Le paradigme dans la dialectique platonicienne |
| 300 | |a 134 p | ||
| 942 | |c BK | ||
| 945 | |d 19950512 00:00:00 |a oaravena | ||
| 260 | |a París |b Presses Universitaires de France |c 1947 | ||
| 650 | 0 | |a Filosofía antigua |9 255705 | |
| 650 | 0 | |a Platonismo |9 265673 | |
| 650 | 0 | |a Filosofía |9 223554 | |
| 650 | 0 | |a Paradoja |9 335302 | |
| 650 | 7 | |a PARADIGMA |2 CL-VaPUC |9 335303 | |
| 651 | 0 | |a Grecia |9 265314 | |
| 583 | |a last modification |c 19950512 00:00:00 |k Rodrigo Vera | ||
| 490 | 0 | |a Bibliothèque de philosophie contemporaine | |
| 999 | |c 233497 |d 233495 | ||
| 952 | |0 0 |1 0 |4 0 |6 141_200000000000000_GOL_1947 |7 0 |8 P |9 239065 |a BIBEDU |b BIBEDU |c BIBEDU_PB |d 2019-11-18 |i 1501755 |o 141.2 GOL 1947 |p 1501755 |r 2024-01-25 |w 2019-11-18 |y BK |k FIL | ||